000 00700nam a22002057a 4500
999 _c10103
_d10103
003 AR-CdUCM
008 190329b ||||| |||| 00| 0 spa d
040 _aMUNICIPALIDAD PROVINCIAL DEL CUSCO
_cBIBLIOTECA MUNICIPAL DEL CUSCO
082 _a985.03 /
_bW55 / 1947
100 _aWiesse, María
_98976
245 _aEl mar y los piratas /
260 _aLima :
_bTalleres Compañia de Impresiones y Publicidad Enrique Bustamante y Ballivián,
_c1947.
300 _a66 páginas ;
_bilustraciones,
_c18 cm.
505 _aContenido: Historia del Perú -- Época colonial.
650 _aPiratas
_926728
650 _aÉpoca colonial
_91374
650 _aPerú
_935
942 _2ddc
_cLIBROS
945 _aachl